=LDR 00000nam 2200000 4500 =001 NUTBA000000000002655 =990 ##$$a 21403925 =005 20201210105036 =990 ##$$a 21403922 =035 ##$$a 0010-061400000000598 =990 ##$$a 21403923 =008 201210################g##########0#ind## =990 ##$$a 21403924 =020 ##$$a 978-979-29-0541-0 =990 ##$$a 21403926 =040 ##$$a NBPDMAT =990 ##$$a 21413792 =082 ##$$a 332.632 28 =990 ##$$a 21413793 =090 ##$$a 332.632 28 $b Ing s =990 ##$$a 21413794 =100 1#$$a Tan Inggrid =990 ##$$a 21413795 =990 ##$$a 21413796 =245 1#$$a Stock Index trading : $b Panduan praktis menuai dolar /$c Inggrid Tan, SE =250 ##$$a cet.1 =260 ##$$a Yogyakarta :$b Andi,$c 2008 =300 ##$$a 179 hlm. : $b ilus. ; $c 21x14 cm. =650 #4$$a Saham - Stock Index Traeching =850 ##$$a NBPDMAT =084 ##$$a 332.632 28 ING s =990 ##$$a 21403922 =990 ##$$a 21403923 =990 ##$$a 21403924 =990 ##$$a 21403925 =990 ##$$a 21403926 =990 ##$$a 21413792 =990 ##$$a 21413793 =990 ##$$a 21413794 =990 ##$$a 21413795 =990 ##$$a 21413796